000 04216nam0a2200433 4500
001 RU\NLR\BIBL_A\012639148
005 20260407101146.0
035 _a(NLR Aleph) 012639148
090 _a12690075
_c12690075
100 _a20211110d1873 |||y0rusy50 ca
101 0 _arus
102 _aRU
105 _ay z 000yy
181 0 _ai
_baxxe
182 0 _an
200 1 _aРасписание годичных испытаний в Пажеском Его Императорского Величества Корпусе, в Николаевском кавалерийском училище и в Приготовительном при нем Пансионе, в 1-м Павловском во и 2-м Константиновском военных училищах, в 1-й, во 2-й и в 3-й Петербургских военных гимназиях и в Петербургской военной прогимназии
_eкурс 1873/4 учебного года
203 _aТекст
_bвизуальный
_cнепосредственный
210 _a[Санкт-Петербург
_cб. и.
_d1873]
215 _a72 с.
_d22
309 _aБез тит. л. и обл.
327 1 _aНа 1,2-й с.: Приказ главного начальника военно-учебных заведений. В С.-Петербурге, апреля 11 дня 1874 года, № 14. В конце текста: Главный начальник военно-учебных заведений, Генерал-адъютант Исаков
464 0 _12001#$aПриказ Главного начальника военно-учебных заведений. В С.-Петербурге, апреля 11 дня 1874 года, № 14. В конце текста: Главный начальник военно-учебных заведений, Генерал-адъютант Исаков
_1702#1$aИсаков$bН. В.$f1821-1891$gНиколай Васильевич$4720
_tПриказ Главного начальника военно-учебных заведений. В С.-Петербурге, апреля 11 дня 1874 года, № 14. В конце текста: Главный начальник военно-учебных заведений, Генерал-адъютант Исаков
517 1 _aРосписание годичных испытаний в Пажеском Его Императорского Величества Корпусе, в Николаевском кавалерийском училище и в Приготовительном при нем Пансионе, в 1-м Павловском во и 2-м Константиновском военных училищах, в 1-й, во 2-й и в 3-й Петербургских военных гимназиях и в Петербургской военной прогимназии
606 1 _aВоенные училища
_xКурсанты
_xПодготовка
_yРоссия
_92425067
_3RU\NLR\AUTH\6601662358
686 3 _aЦ4,8(2)390.2-3
710 0 2 _aПажеский корпус
_cПетербург
_3RU\NLR\AUTH\889998327
_9494013
711 0 2 _aНиколаевское кавалерийское училище
_cПетербург
_3RU\NLR\AUTH\889950722
_9397282
711 0 2 _aНиколаевское кавалерийское училище
_bПриготовительный пансион
_cПетербург
_9777137
_3RU\NLR\AUTH\880555163
711 0 2 _aПавловское военное училище
_cПетербург
_3RU\NLR\AUTH\889941710
_9378259
711 0 2 _aПетербургская военная гимназия
_c1
_3RU\NLR\AUTH\8810055498
_9611614
711 0 2 _aПетербургская военная гимназия
_c2
_3RU\NLR\AUTH\889923428
_9342788
711 0 2 _aКонстантиновское военное училище
_c2; Санкт-Петербург
_3RU\NLR\AUTH\889990971
_9477770
711 0 2 _aПетербургская военная прогимназия
_3RU\NLR\AUTH\889923434
_9342799
852 _aNLR
_j18.134.5.156
942 _cBOOK
980 _aNB